| 000 | 00707nam a2200169 i 4500 | ||
|---|---|---|---|
| 001 | 65348 | ||
| 003 | ES-MaACL | ||
| 005 | 20240221063027.0 | ||
| 007 | t| | ||
| 008 | 040112s1958 sp ||||1| spa d | ||
| 100 | 1 |
_aFranco Bahamonde, Francisco, _d1892-1975 _952240 |
|
| 245 | 1 | 0 |
_aDiscursos pronunciados con motivo de la visita de S.E. el caudillo de España a Castellón de la Plana durante los días 13 y 14 de junio del año 1958 XX de la liberación de la ciudad / _cFrancisco Franco Bahamonde. |
| 260 |
_aCastellón de la Plana : _b[s.n., _c1958] ( _fGraf. Hijos de P. Armengot) |
||
| 300 |
_a42 p., 11 lám. ; _c24 cm. |
||
| 852 |
_aES-MaACL _j2034-F-14 _bR.42802 |
||
| 999 |
_c65348 _d65348 |
||